[Event "CZE-chT1E 1011"]
[Site "Czech Republic"]
[Date "2011.03.20"]
[Round "10"]
[White "Kapusta, Petr"]
[Black "Jurka, Miroslav"]
[Result "0-1"]
[WhiteElo "2172"]
[BlackElo "2308"]
[PlyCount "140"]
[EventDate "2010.10.10"]
[EventType "team-tourn"]
[EventRounds "11"]
[EventCountry "CZE"]
[SourceTitle "EXT 2012"]
[Source "ChessBase"]
[SourceDate "2011.11.24"]
[SourceVersion "1"]
[SourceVersionDate "2011.11.24"]
[SourceQuality "1"]
[WhiteTeam "Zlin II"]
[BlackTeam "Brno Duras"]
[WhiteTeamCountry "CZE"]
[BlackTeamCountry "CZE"]

1. e4 c5 2. Nf3 d6 3. d4 cxd4 4. Nxd4 Nf6 5. Nc3 Nc6 6. Bg5 e6 7. Qd2 Be7 8. 0-0-0 0-0 9. f4 Nxd4 10. Qxd4 Qa5 11. Bc4 Bd7 12. Bb3 Bc6 13. Rhe1 h6 14. Bxf6 Bxf6 15. Qd2 Bxc3 16. Qxc3 Qxc3 17. bxc3 Rfd8 18. g3 Kf8 19. Rd4 Ke7 20. e5 dxe5 21. fxe5 Rac8 22. Kb2 Rc7 23. Rf1 Be8 24. Rg4 g6 25. Rd4 Rc5 26. Re1 Rdc8 27. Re3 h5 28. g4 hxg4 29. Rxg4 Rd8 30. Rd4 Bc6 31. Rh4 Rd2 32. Rh8 Rf2 33. Reh3 Rf5 34. Rg3 g5 35. h4 gxh4 36. Rxh4 Rcxe5 37. Bc4 Rg5 38. Rgh3 Re4 39. Bd3 Rxh4 40. Rxh4 f5 41. a4 Kd6 42. a5 a6 43. c4 e5 44. Rh6+ Kc5 45. Re6 Kd4 46. c5 f4 47. Bxa6 Kxc5 48. Bd3 Bd5 49. Re7 Kd6 50. Re8 Bc6 51. Rd8+ Ke7 52. Rh8 e4 53. Rh7+ Kd6 54. Rh6+ Kc5 55. Bf1 f3 56. Kc3 e3 57. Re6 e2 58. Bxe2 fxe2 59. Rxe2 Kb5 60. Kd4 Rd5+ 61. Kc3 Kxa5 62. Kb3 Rf5 63. c3 Kb5 64. Rd2 Kc5 65. Rd8 Bd5+ 66. Ka3 Kc4 67. Rc8+ Bc6 68. Kb2 Rf2+ 69. Ka3 Kxc3 70. Re8 Ra2+ 0-1

[Event "CZE-chT2D 0910"]
[Site "Czech Republic"]
[Date "2010.03.14"]
[Round "9.1"]
[White "Vecera, Pavel"]
[Black "Jurka, Miroslav"]
[Result "1/2-1/2"]
[WhiteElo "2188"]
[BlackElo "2307"]
[PlyCount "47"]
[EventDate "2009.10.18"]
[EventType "team-tourn"]
[EventRounds "11"]
[EventCountry "CZE"]
[SourceTitle "EXT 2012"]
[Source "ChessBase"]
[SourceDate "2011.11.24"]
[SourceVersion "1"]
[SourceVersionDate "2011.11.24"]
[SourceQuality "1"]
[WhiteTeam "Zdar nad Sazavou"]
[BlackTeam "Brno Duras II"]
[WhiteTeamCountry "CZE"]
[BlackTeamCountry "CZE"]

1. e4 c5 2. Nf3 d6 3. d4 cxd4 4. Nxd4 Nf6 5. Nc3 Nc6 6. Bc4 e6 7. Be3 a6 8. Bb3 Be7 9. 0-0 0-0 10. f4 Nxd4 11. Bxd4 b5 12. e5 dxe5 13. fxe5 Nd7 14. Ne4 Bb7 15. Nd6 Bxd6 16. exd6 Qg5 17. Qe2 Kh8 18. Rad1 Qg6 19. Bc3 f5 20. Rf2 Rae8 21. a4 Bc6 22. axb5 axb5 23. Be5 Qg5 24. g3 1/2-1/2

[Event "CZE-chT 0910"]
[Site "Czech Republic"]
[Date "2010.01.16"]
[Round "5.6"]
[White "Chytilek, Roman"]
[Black "Jurka, Miroslav"]
[Result "1/2-1/2"]
[WhiteElo "2390"]
[BlackElo "2307"]
[PlyCount "37"]
[EventDate "2009.11.07"]
[EventType "team-tourn"]
[EventRounds "11"]
[EventCountry "CZE"]
[SourceTitle "CBM 135 Extra"]
[Source "ChessBase"]
[SourceDate "2010.05.04"]
[SourceVersion "1"]
[SourceVersionDate "2010.05.04"]
[SourceQuality "1"]
[WhiteTeam "Zlin"]
[BlackTeam "Brno Duras"]
[WhiteTeamCountry "CZE"]
[BlackTeamCountry "CZE"]

1. d4 d5 2. c4 c6 3. Nc3 Nf6 4. e3 g6 5. Nf3 Bg7 6. Bd2 0-0 7. b4 Bg4 8. h3 Bxf3 9. gxf3 Nbd7 10. f4 a5 11. a3 axb4 12. axb4 Rxa1 13. Qxa1 dxc4 14. Bxc4 Nb6 15. Bd3 Qd6 16. 0-0 Nbd5 17. Nxd5 Nxd5 18. Rb1 Rd8 19. Bf1 1/2-1/2

[Event "Brno Duras op-A"]
[Site "Brno"]
[Date "2009.06.26"]
[Round "1"]
[White "Jurka, Miroslav"]
[Black "Nemec, Miloslav"]
[Result "1-0"]
[WhiteElo "2309"]
[BlackElo "1913"]
[PlyCount "77"]
[EventDate "2009.06.26"]
[EventType "swiss"]
[EventRounds "9"]
[EventCountry "CZE"]
[SourceTitle "CBM 131 Extra"]
[Source "ChessBase"]
[SourceDate "2009.09.03"]
[SourceVersion "2"]
[SourceVersionDate "2009.09.16"]
[SourceQuality "1"]

1. Nf3 Nf6 2. c4 g6 3. g3 Bg7 4. Bg2 0-0 5. d4 c5 6. 0-0 cxd4 7. Nxd4 Nc6 8. Nc3 Qb6 9. Nc2 d6 10. b3 Be6 11. Ne3 Rad8 12. Bb2 Ne5 13. Qd2 Rfe8 14. h3 Ned7 15. Rac1 Nc5 16. Rfd1 Na6 17. Nb5 Nd7 18. Bxg7 Kxg7 19. Nd4 Ne5 20. Kh2 Nc7 21. Rc2 Bd7 22. Qc3 Kg8 23. c5 dxc5 24. Qxc5 Qxc5 25. Rxc5 Nc6 26. Nxc6 Bxc6 27. Bxc6 bxc6 28. Rxd8 Rxd8 29. Rxc6 Ne6 30. Rc2 Nd4 31. Rb2 a5 32. Kg2 Rb8 33. Rd2 e5 34. Nc4 Rb5 35. e3 Nc6 36. Rd7 Nb4 37. a4 Rc5 38. Ra7 Nc6 39. Rc7 1-0

[Event "CZE-chT1E 0809"]
[Site "Czech Republic"]
[Date "2009.03.01"]
[Round "9.3"]
[White "Jurka, Miroslav"]
[Black "Sosna, Jan"]
[Result "0-1"]
[WhiteElo "2309"]
[BlackElo "2375"]
[PlyCount "178"]
[EventDate "2008.11.08"]
[EventType "team-tourn"]
[EventRounds "11"]
[EventCountry "CZE"]
[SourceTitle "EXT 2010"]
[Source "ChessBase"]
[SourceDate "2010.11.25"]
[SourceVersion "1"]
[SourceVersionDate "2010.11.25"]
[SourceQuality "1"]
[WhiteTeam "Brno Duras"]
[BlackTeam "Stare Mesto"]
[WhiteTeamCountry "CZE"]
[BlackTeamCountry "CZE"]

1. Nf3 d5 2. d4 c6 3. c4 e6 4. Nbd2 Nf6 5. e3 Nbd7 6. Bd3 Bd6 7. 0-0 0-0 8. e4 dxe4 9. Nxe4 Nxe4 10. Bxe4 h6 11. b3 e5 12. dxe5 Nxe5 13. Bb2 Qc7 14. Nxe5 Bxe5 15. Bxe5 Qxe5 16. Re1 Qf6 17. Qf3 Qxf3 18. Bxf3 Be6 19. h3 Rfd8 20. Rad1 Kf8 21. Kf1 a5 22. Rxd8+ Rxd8 23. Bg4 Bxg4 24. hxg4 Rd2 25. Re2 Rd1+ 26. Re1 Rd2 27. Re2 Rd1+ 28. Re1 Rxe1+ 29. Kxe1 Ke7 30. Ke2 Ke6 31. Ke3 f5 32. gxf5+ Kxf5 33. Kd4 b6 34. a3 h5 35. a4 h4 36. c5 bxc5+ 37. Kxc5 g5 38. f3 Kf4 39. b4 axb4 40. Kxb4 Kg3 41. a5 Kxg2 42. a6 h3 43. a7 h2 44. a8Q h1Q 45. Qxc6 Qe1+ 46. Kb5 Qe2+ 47. Ka5 Qxf3 48. Qc2+ Kh3 49. Qh7+ Kg4 50. Kb6 Qf6+ 51. Ka7 Qd4+ 52. Ka8 Kg3 53. Qb1 g4 54. Kb8 Qe5+ 55. Kc8 Qc3+ 56. Kb8 Kf4 57. Qf1+ Kg5 58. Qb5+ Kh4 59. Qa4 Qe5+ 60. Kc8 Qe6+ 61. Kb8 Kh3 62. Qd1 Qe5+ 63. Ka8 g3 64. Qh1+ Kg4 65. Qd1+ Kh4 66. Qh1+ Kg5 67. Qc1+ Kf5 68. Qf1+ Qf4 69. Qb5+ Kg4 70. Qd7+ Qf5 71. Qd4+ Kg5 72. Qg7+ Kf4 73. Qc7+ Qe5 74. Qc1+ Qe3 75. Qc7+ Kf3 76. Qf7+ Ke2 77. Qa2+ Ke1 78. Qb1+ Kf2 79. Qc2+ Kg1 80. Qd1+ Kg2 81. Kb8 Qe5+ 82. Kc8 Kh2 83. Qc2+ g2 84. Qf2 Qe6+ 85. Kd8 Qd5+ 86. Kc8 Qc4+ 87. Kd8 Qg8+ 88. Kd7 Qg4+ 89. Kd8 Kh1 0-1

[Event "CZE-chT1E 0809"]
[Site "Czech Republic"]
[Date "2008.11.29"]
[Round "4.3"]
[White "Zilka, Stepan"]
[Black "Jurka, Miroslav"]
[Result "1/2-1/2"]
[WhiteElo "2471"]
[BlackElo "2309"]
[PlyCount "184"]
[EventDate "2008.11.08"]
[EventType "team-tourn"]
[EventRounds "11"]
[EventCountry "CZE"]
[SourceTitle "EXT 2010"]
[Source "ChessBase"]
[SourceDate "2010.11.25"]
[SourceVersion "1"]
[SourceVersionDate "2010.11.25"]
[SourceQuality "1"]
[WhiteTeam "Litovel"]
[BlackTeam "Brno Duras"]
[WhiteTeamCountry "CZE"]
[BlackTeamCountry "CZE"]

1. e4 c5 2. Nf3 d6 3. d4 cxd4 4. Nxd4 Nf6 5. Nc3 Nc6 6. Bg5 e6 7. Qd2 Nxd4 8. Qxd4 Be7 9. Bb5+ Bd7 10. Bxd7+ Qxd7 11. 0-0-0 Qc6 12. Bxf6 gxf6 13. Rd3 a6 14. Rhd1 Rc8 15. f4 Qc5 16. f5 Qxd4 17. Rxd4 Rg8 18. g3 Kd7 19. Ne2 Rc5 20. a4 Rgc8 21. c3 Rc4 22. Rxc4 Rxc4 23. Rd4 Rc5 24. Rb4 Rc7 25. Rb6 Kc8 26. Nd4 e5 27. Nc2 Rc6 28. Rxc6+ bxc6 29. Ne3 Bd8 30. Kc2 Kd7 31. Kd3 Bb6 32. Nc2 Bg1 33. h3 h5 34. Kc4 Bf2 35. g4 hxg4 36. hxg4 Kc7 37. Nb4 Kb6 38. Nd3 Be3 39. b4 Bd2 40. Kb3 Be3 41. c4 Bd4 42. a5+ Kb7 43. Nc1 Bf2 44. Ne2 Be1 45. Nc3 Bd2 46. Na4 Be3 47. Kc3 Bf2 48. Kd2 Kc7 49. Nc3 Bd4 50. Kd3 Kb7 51. Nb1 Kc7 52. Nd2 Bf2 53. Nf3 Kd7 54. Ke2 Ba7 55. Kd3 Bf2 56. Ke2 Ba7 57. g5 fxg5 58. Nxg5 Ke7 59. Nf3 f6 60. Kd3 Bf2 61. Ke2 Ba7 62. Nd2 Kd7 63. Nb1 Bd4 64. Kd3 Bf2 65. Na3 Kc7 66. Nc2 Bg3 67. Kc3 Bf4 68. Ne1 Be3 69. Kd3 Bf2 70. Nf3 Kd7 71. Ke2 Ba7 72. Nh2 Ke7 73. Ng4 Bd4 74. Kd3 Bg1 75. Kc3 Ba7 76. Kb3 Bd4 77. Ka4 d5 78. cxd5 cxd5 79. exd5 e4 80. Kb3 e3 81. Kc2 Kd6 82. Kd3 Kxd5 83. Nxe3+ Bxe3 84. Kxe3 Kc4 85. Ke4 Kxb4 86. Kd5 Kxa5 87. Ke6 Kb5 88. Kxf6 a5 89. Kg6 a4 90. f6 a3 91. f7 a2 92. f8Q a1Q 1/2-1/2

[Event "CZE-chT1E 0809"]
[Site "Czech Republic"]
[Date "2008.11.16"]
[Round "3.4"]
[White "Medunova, Vera"]
[Black "Jurka, Miroslav"]
[Result "0-1"]
[WhiteElo "2115"]
[BlackElo "2309"]
[PlyCount "88"]
[EventDate "2008.11.08"]
[EventType "team-tourn"]
[EventRounds "11"]
[EventCountry "CZE"]
[SourceTitle "EXT 2010"]
[Source "ChessBase"]
[SourceDate "2010.11.25"]
[SourceVersion "1"]
[SourceVersionDate "2010.11.25"]
[SourceQuality "1"]
[WhiteTeam "Ostrava Mittal"]
[BlackTeam "Brno Duras"]
[WhiteTeamCountry "CZE"]
[BlackTeamCountry "CZE"]

1. e4 c5 2. Nf3 d6 3. Bb5+ Nd7 4. c4 Ngf6 5. Nc3 g6 6. d4 cxd4 7. Qxd4 Bg7 8. 0-0 0-0 9. Bxd7 Bxd7 10. Qd3 Rc8 11. Rb1 a6 12. b3 b5 13. Nd2 bxc4 14. Nxc4 Be6 15. Ne3 Nd7 16. Na4 Qa5 17. Bd2 Qb5 18. Nb2 Nc5 19. Qxb5 axb5 20. Nd5 Rfe8 21. f3 Bxd5 22. exd5 Ra8 23. b4 Nd7 24. Be3 Rxa2 25. Nd1 Rc8 26. Rf2 Ra3 27. Re2 Nf6 28. Bg5 Nxd5 29. Rd2 e6 30. Kf1 Rc4 31. Re2 h6 32. Bd2 Ra2 33. Ke1 Rcc2 34. Rc1 Rxc1 35. Bxc1 Nxb4 36. Rxa2 Nxa2 37. Bf4 d5 38. Kd2 Nb4 39. Bd6 Nc6 40. Bc5 f5 41. h3 Kf7 42. Kd3 e5 43. Bb6 Ke6 44. Bc5 e4+ 0-1

[Event "CZE-chT1E 0607"]
[Site "Czech Republic"]
[Date "2006.12.10"]
[Round "4.5"]
[White "Jurka, Miroslav"]
[Black "Uhmann, Jan"]
[Result "1/2-1/2"]
[WhiteElo "2342"]
[BlackElo "2184"]
[PlyCount "86"]
[EventDate "2006.10.15"]
[EventType "team"]
[EventRounds "11"]
[EventCountry "CZE"]
[SourceTitle "EXT 2008"]
[Source "ChessBase"]
[SourceDate "2007.11.25"]
[SourceVersion "1"]
[SourceVersionDate "2007.11.25"]
[SourceQuality "1"]

1. Nf3 d5 2. d4 Nf6 3. c4 e6 4. g3 Be7 5. Bg2 Nbd7 6. 0-0 0-0 7. Nc3 c6 8. b3 Ne4 9. Nxe4 dxe4 10. Ne5 f5 11. Nxd7 Qxd7 12. Bf4 Rd8 13. Be5 c5 14. dxc5 Bxc5 15. Qc2 Qe7 16. e3 b6 17. Rfd1 Bb7 18. Rxd8+ Rxd8 19. Rd1 Bc6 20. Bf1 Rd7 21. Be2 Qd8 22. Rxd7 Qxd7 23. Qd1 Kf7 24. Qxd7+ Bxd7 25. h4 g6 26. Kf1 Bb4 27. Bb8 a6 28. Bc7 b5 29. cxb5 axb5 30. Bd1 Ba3 31. Be5 Ke7 32. Ke2 Bc6 33. Kd2 Bb4+ 34. Bc3 Bd6 35. a4 b4 36. Bd4 Kd7 37. Be2 Kc7 38. Bf6 Bd5 39. Kc2 Kd7 40. Bb5+ Bc6 41. Bc4 Bd5 42. Bb5+ Bc6 43. Bc4 Bd5 1/2-1/2

[Event "CZE-chT1E 0607"]
[Site "Czech Republic"]
[Date "2006.10.22"]
[Round "1.7"]
[White "Jablecnik, Gustav"]
[Black "Jurka, Miroslav"]
[Result "1/2-1/2"]
[WhiteElo "2204"]
[BlackElo "2342"]
[PlyCount "32"]
[EventDate "2006.10.15"]
[EventType "team"]
[EventRounds "11"]
[EventCountry "CZE"]
[SourceTitle "EXT 2008"]
[Source "ChessBase"]
[SourceDate "2007.11.25"]
[SourceVersion "1"]
[SourceVersionDate "2007.11.25"]
[SourceQuality "1"]

1. e4 c5 2. Bc4 Nc6 3. Nf3 d6 4. c3 Nf6 5. d3 g6 6. 0-0 Bg7 7. Bb3 0-0 8. Re1 b6 9. Nbd2 Ba6 10. Nf1 Ne5 11. Bc2 Qc7 12. h3 Rad8 13. N3h2 Nc6 14. f4 e5 15. f5 d5 16. Qf3 c4 1/2-1/2

[Event "CZE-chT1 East 0506"]
[Site "Czech Republic"]
[Date "2005.11.27"]
[Round "3.6"]
[White "Mrva, Marek"]
[Black "Jurka, Miroslav"]
[Result "1/2-1/2"]
[WhiteElo "2199"]
[BlackElo "2361"]
[PlyCount "52"]
[EventDate "2005.10.23"]
[EventType "team"]
[EventRounds "11"]
[EventCountry "CZE"]
[SourceTitle "EXT 2008"]
[Source "ChessBase"]
[SourceDate "2007.11.25"]
[SourceVersion "1"]
[SourceVersionDate "2007.11.25"]
[SourceQuality "1"]

1. e4 c5 2. Nf3 d6 3. c3 Nf6 4. Bd3 g6 5. 0-0 Bg7 6. Bc2 Nc6 7. d3 0-0 8. h3 e5 9. Be3 Re8 10. Nbd2 b6 11. d4 Ba6 12. Re1 exd4 13. cxd4 Nb4 14. e5 Nxc2 15. Qxc2 cxd4 16. Bxd4 dxe5 17. Bxe5 Qd7 18. b3 Nd5 19. Bxg7 Kxg7 20. Ne4 f5 21. Qb2+ Kg8 22. Nf6+ Nxf6 23. Qxf6 Bb7 24. Ne5 Qe7 25. Qxe7 Rxe7 26. f4 Rc8 1/2-1/2

[Event "Brno Duras BVK op-A"]
[Site "Brno"]
[Date "2004.07.05"]
[Round "3"]
[White "Jurka, Miroslav"]
[Black "Smallbone, Kieran"]
[Result "1-0"]
[WhiteElo "2359"]
[BlackElo "2150"]
[PlyCount "83"]
[EventDate "2004.07.??"]
[EventType "swiss"]
[EventRounds "9"]
[EventCountry "CZE"]
[SourceTitle "EXT 2005"]
[Source "ChessBase"]
[SourceDate "2004.11.15"]
[SourceVersion "1"]
[SourceVersionDate "2004.11.15"]
[SourceQuality "1"]

1. Nf3 d5 2. d4 Nf6 3. c4 c6 4. Nc3 dxc4 5. a4 Bg4 6. Ne5 Nbd7 7. Nxg4 Nxg4 8. e4 e5 9. Qxg4 exd4 10. Nb1 Qa5+ 11. Nd2 d3 12. g3 Bb4 13. Bh3 0-0-0 14. Qf4 h5 15. 0-0 g5 16. Nxc4 gxf4 17. Nxa5 Bxa5 18. Bxf4 h4 19. Kg2 hxg3 20. fxg3 Rxh3 21. Kxh3 Nc5 22. e5 d2 23. Kg4 Nd3 24. Rab1 Nxb2 25. Rxb2 d1Q+ 26. Rxd1 Rxd1 27. h4 Rh1 28. h5 Bd8 29. h6 Be7 30. Kf5 Rh5+ 31. Ke4 f5+ 32. exf6 Bxf6 33. Rg2 Ra5 34. g4 Be7 35. g5 Bf8 36. Ra2 Rc5 37. g6 Rc4+ 38. Kf5 Rxf4+ 39. Kxf4 Bxh6+ 40. Kf5 Bg7 41. Ke6 Kc7 42. Rf2 1-0

[Event "Brno Duras BVK op-A"]
[Site "Brno"]
[Date "2004.07.04"]
[Round "2"]
[White "Ciprys, Martin"]
[Black "Jurka, Miroslav"]
[Result "1/2-1/2"]
[WhiteElo "2109"]
[BlackElo "2359"]
[PlyCount "41"]
[EventDate "2004.07.??"]
[EventType "swiss"]
[EventRounds "9"]
[EventCountry "CZE"]
[SourceTitle "EXT 2005"]
[Source "ChessBase"]
[SourceDate "2004.11.15"]
[SourceVersion "1"]
[SourceVersionDate "2004.11.15"]
[SourceQuality "1"]

1. e4 c5 2. Nf3 d6 3. d4 cxd4 4. Nxd4 Nf6 5. Nc3 Nc6 6. Bc4 e6 7. Be3 a6 8. Bb3 Be7 9. 0-0 0-0 10. f4 Nxd4 11. Bxd4 b5 12. e5 dxe5 13. fxe5 Nd7 14. Ne4 Bb7 15. Nd6 Bxd6 16. exd6 Qg5 17. Qe2 a5 18. a4 b4 19. Bc4 Qg6 20. Rf2 Be4 21. c3 1/2-1/2

[Event "CZE-chT 0304"]
[Site "Czech Republic"]
[Date "2003.12.07"]
[Round "4"]
[White "Jurka, Miroslav"]
[Black "Kalod, Radek"]
[Result "1/2-1/2"]
[WhiteElo "2377"]
[BlackElo "2442"]
[PlyCount "32"]
[EventDate "2003.11.08"]
[EventType "team-tourn"]
[EventRounds "11"]
[EventCountry "CZE"]
[SourceTitle "EXT 2019"]
[Source "ChessBase"]
[SourceDate "2018.10.10"]
[SourceVersion "1"]
[SourceVersionDate "2018.10.10"]
[SourceQuality "1"]
[WhiteTeam "Zlin"]
[BlackTeam "Brno Lokomotiva"]
[WhiteTeamCountry "CZE"]
[BlackTeamCountry "CZE"]

1. Nf3 Nf6 2. c4 g6 3. g3 Bg7 4. Bg2 0-0 5. d4 d5 6. cxd5 Nxd5 7. 0-0 Nb6 8. Nc3 Nc6 9. d5 Na5 10. Qc2 c6 11. dxc6 Nxc6 12. Rd1 Bf5 13. e4 Bd7 14. Bh3 Qe8 15. Bxd7 Nxd7 16. Be3 Rc8 1/2-1/2

[Event "CZE-chT 0304"]
[Site "Czech Republic"]
[Date "2003.12.06"]
[Round "3"]
[White "Kleberc, Karel"]
[Black "Jurka, Miroslav"]
[Result "1/2-1/2"]
[WhiteElo "2311"]
[BlackElo "2377"]
[PlyCount "43"]
[EventDate "2003.11.08"]
[EventType "team-tourn"]
[EventRounds "11"]
[EventCountry "CZE"]
[SourceTitle "EXT 2019"]
[Source "ChessBase"]
[SourceDate "2018.10.10"]
[SourceVersion "1"]
[SourceVersionDate "2018.10.10"]
[SourceQuality "1"]
[WhiteTeam "Ostrava Labortech"]
[BlackTeam "Zlin"]
[WhiteTeamCountry "CZE"]
[BlackTeamCountry "CZE"]

1. c4 c5 2. Nc3 Nf6 3. g3 g6 4. Bg2 Bg7 5. Nf3 Nc6 6. 0-0 0-0 7. d4 cxd4 8. Nxd4 Nxd4 9. Qxd4 d6 10. Qd3 a6 11. Bd2 Rb8 12. Rac1 b5 13. cxb5 axb5 14. b3 Bf5 15. e4 Bd7 16. Nd5 Nxd5 17. Qxd5 Qb6 18. Be3 Qa5 19. Rc2 Rfc8 20. Bd2 Qb6 21. Be3 Qa5 22. Bd2 1/2-1/2